Lúštenie jednoduchých nomenklátorov

Salvato in:
Dettagli Bibliografici
Autore principale: Paľa, Adam (Autore)
Altri autori: Antal, Eugen (Relatore della tesi)
Natura: Manoscritto Libro
Lingua:slovacco
Pubblicazione: 2025
Soggetti:
Accesso online:http://is.stuba.sk/zp/portal_zp.pl?podrobnosti=184394
Tags: Aggiungi Tag
Nessun Tag, puoi essere il primo ad aggiungerne!!

MARC

LEADER 00000ntm a22000003a 4500
001 stuzp101729
003 SK-STU
005 20250614210814.0
007 ta
008 150427s2015----xo-----f-mn---000-0-slo-d
040 |a STU  |b slo 
041 0 |a slo 
100 1 |a Paľa, Adam  |u 035000  |4 aut  |U FEI Fakulta elektrotechniky a informatiky  |T FEI Ústav informatiky a matematiky  |X 111297  |U E050  |Y 816  |7 111297 
242 0 1 |a Solving simple nomenclators  |y eng 
245 1 0 |a Lúštenie jednoduchých nomenklátorov 
260 |c 2025 
650 4 |a nomenclator  |2 eng 
650 4 |a early modern period  |2 eng 
650 4 |a encryption keys  |2 eng 
650 4 |a historical ciphers  |2 eng 
650 4 |a vulnerability  |2 eng 
650 4 |a analysis  |2 eng 
650 4 |a nomenklátor  |2 slo 
650 4 |a šifrovacie kľúče  |2 slo 
650 4 |a zraniteľnosť  |2 slo 
650 4 |a analýza  |2 slo 
650 4 |a historické šifry  |2 slo 
650 4 |a raný novovek  |2 slo 
700 1 |a Antal, Eugen  |u 035000  |k Z1  |4 ths  |U FEI Fakulta elektrotechniky a informatiky  |T FEI Ústav informatiky a matematiky  |X 36087  |U E050  |Y 816  |7 A000036087 
856 4 |u http://is.stuba.sk/zp/portal_zp.pl?podrobnosti=184394